<?xml version="1.0" encoding="UTF-8"?>
<marc:record xmlns:marc="http://www.loc.gov/MARC21/slim">
   <marc:leader>00000nam a2200000 a 4500</marc:leader>
   <marc:datafield ind1="1" ind2=" " tag="100">
      <marc:subfield code="a">Fraga, Roberto</marc:subfield>
      <marc:subfield code="4">aut</marc:subfield>
      <marc:subfield code="e">Verfasser/-in</marc:subfield>
   </marc:datafield>
   <marc:datafield ind1="0" ind2="0" tag="245">
      <marc:subfield code="a">Spinderella</marc:subfield>
   </marc:datafield>
   <marc:datafield ind1="0" ind2="0" tag="245">
      <marc:subfield code="c">Autor: Roberto Fraga. Ill.: Doris Matthäus</marc:subfield>
   </marc:datafield>
   <marc:datafield ind1=" " ind2="1" tag="264">
      <marc:subfield code="a">München</marc:subfield>
      <marc:subfield code="b">Zoch</marc:subfield>
      <marc:subfield code="c">2015</marc:subfield>
   </marc:datafield>
   <marc:datafield ind1=" " ind2=" " tag="041">
      <marc:subfield code="a">ger</marc:subfield>
   </marc:datafield>
   <marc:datafield ind1=" " ind2=" " tag="500">
      <marc:subfield code="a">Kinderspiel des Jahres 2015. - Würfellaufspiel. - für 2-4 Spieler. - ab 6 Jahren. - Spieldauer ca. 20 Min</marc:subfield>
   </marc:datafield>
   <marc:datafield ind1=" " ind2=" " tag="300">
      <marc:subfield code="a">1 Spiel (1 Ameisenlauffeld, 1 Borke, 12 Ameisen, 1 grüner Würfel, 1 weißer Würfel, 1 brauner Würfel, 2 Spinnen ohne Faden, 1 Spinne mit Faden, 4 Verbindunsstämme, 1 Spinnennetz, 4 Druckknöpfe, 1Anleitung)</marc:subfield>
   </marc:datafield>
</marc:record>
